[Event "MGL-ch (Women)"]
[Site "Ulaanbaatar"]
[Date "2010.04.08"]
[Round "8"]
[White "Tsengenbayar, Zorigt"]
[Black "Dagiisuren, Jargalsaikhan"]
[Result "1-0"]
[WhiteElo "100"]
[BlackElo "1966"]
[PlyCount "70"]
[EventDate "2010.04.03"]
[EventType "tourn"]
[EventRounds "13"]
[EventCountry "MGL"]
[SourceTitle "EXT 2011"]
[Source "ChessBase"]
[SourceDate "2010.11.26"]
[SourceVersion "1"]
[SourceVersionDate "2010.11.26"]
[SourceQuality "1"]

1. e4 e5 2. Nf3 Nc6 3. Bb5 a6 4. Ba4 d6 5. 0-0 b5 6. Bb3 Na5 7. h3 Nxb3 8. axb3 Bb7 9. d3 Be7 10. Nc3 Nf6 11. Be3 0-0 12. Ne2 Nh5 13. g4 Nf6 14. Ng3 g6 15. Bh6 Re8 16. c3 Bf8 17. Qc1 d5 18. Bxf8 Rxf8 19. Re1 Re8 20. Qh6 Qd6 21. b4 Nd7 22. Kh2 Qf6 23. Qe3 Qf4 24. Nh4 Nf6 25. f3 Rad8 26. Qa7 Rb8 27. Rad1 Qh6 28. Kg2 Qf8 29. Qe3 Rbd8 30. Qa7 Rb8 31. Qe3 Qd6 32. Qg5 Kh8 33. Rf1 Rbd8 34. f4 Ng8 35. f5 f6 1-0

[Event "MGL-ch (Women)"]
[Site "Ulaanbaatar"]
[Date "2010.04.05"]
[Round "5"]
[White "Otgonjargal, Sengeravdan"]
[Black "Dagiisuren, Jargalsaikhan"]
[Result "1-0"]
[WhiteElo "2140"]
[BlackElo "1966"]
[PlyCount "49"]
[EventDate "2010.04.03"]
[EventType "tourn"]
[EventRounds "13"]
[EventCountry "MGL"]
[SourceTitle "EXT 2011"]
[Source "ChessBase"]
[SourceDate "2010.11.26"]
[SourceVersion "1"]
[SourceVersionDate "2010.11.26"]
[SourceQuality "1"]

1. e4 e5 2. Nf3 Nc6 3. Bb5 a6 4. Ba4 b5 5. Bb3 d6 6. c3 h6 7. h3 Nf6 8. 0-0 Be6 9. Bc2 Be7 10. d4 exd4 11. Nxd4 Nxd4 12. cxd4 Nh7 13. f4 c5 14. f5 Bc8 15. Nc3 Bb7 16. Be3 Qc7 17. Qg4 Bg5 18. Bxg5 hxg5 19. dxc5 dxc5 20. e5 0-0 21. Rae1 Rfe8 22. f6 Rxe5 23. Bxh7+ Kxh7 24. Qh5+ Kg8 25. fxg7 1-0

[Event "WMSG Blitz Team 1st (Women)"]
[Site "Beijing"]
[Date "2008.10.13"]
[Round "11"]
[White "Azarova, Nadezhda"]
[Black "Dagiisuren, Jargalsaikhan"]
[Result "1-0"]
[WhiteElo "2308"]
[BlackElo "1966"]
[PlyCount "57"]
[EventDate "2008.10.13"]
[EventType "team (blitz)"]
[EventRounds "11"]
[EventCountry "CHN"]
[SourceTitle "CBM 126 Extra"]
[Source "ChessBase"]
[SourceDate "2008.11.05"]
[SourceVersion "1"]
[SourceVersionDate "2008.11.05"]
[SourceQuality "1"]

1. e4 e5 2. Nf3 Nc6 3. Bc4 Bc5 4. c3 d6 5. 0-0 Be6 6. Bxe6 fxe6 7. d4 exd4 8. cxd4 Bb6 9. d5 exd5 10. exd5 Nce7 11. Ng5 Nf6 12. Ne6 Qd7 13. Nxg7+ Kf7 14. Ne6 Rhg8 15. Nc3 Rg6 16. Nf4 Rg4 17. g3 Kg8 18. h3 Rg7 19. Kg2 Rf8 20. Ne6 Nexd5 21. Nxf8 Nxc3 22. Nxd7 Nxd1 23. Nxf6+ Kf7 24. Rxd1 Kxf6 25. h4 Kg6 26. Be3 Rf7 27. Bxb6 axb6 28. Rd4 Rf5 29. Re1 1-0

[Event "WMSG Blitz Team 1st (Women)"]
[Site "Beijing"]
[Date "2008.10.13"]
[Round "10"]
[White "Dagiisuren, Jargalsaikhan"]
[Black "Houska, Jovanka"]
[Result "1-0"]
[WhiteElo "1966"]
[BlackElo "2399"]
[PlyCount "99"]
[EventDate "2008.10.13"]
[EventType "team (blitz)"]
[EventRounds "11"]
[EventCountry "CHN"]
[SourceTitle "CBM 126 Extra"]
[Source "ChessBase"]
[SourceDate "2008.11.05"]
[SourceVersion "1"]
[SourceVersionDate "2008.11.05"]
[SourceQuality "1"]

1. e4 c6 2. d4 d5 3. e5 c5 4. Bb5+ Bd7 5. Bxd7+ Nxd7 6. c3 e6 7. Ne2 Ne7 8. 0-0 Nc6 9. Be3 Be7 10. f4 Qb6 11. Qd2 g6 12. Kh1 h5 13. Rd1 0-0-0 14. a4 cxd4 15. Nxd4 Nxd4 16. Bxd4 Bc5 17. b4 Bxd4 18. cxd4 Kb8 19. a5 Qb5 20. Na3 Qa4 21. Nc4 Qb3 22. Nd6 Rc8 23. Nxc8 Rxc8 24. Rab1 Qc3 25. Rbc1 Qxd2 26. Rxc8+ Kxc8 27. Rxd2 b6 28. a6 Nf8 29. Rc2+ Kd7 30. g3 Nh7 31. Kg2 f5 32. Kf3 Nf8 33. h3 Kd8 34. Rc6 Kd7 35. Rd6+ Ke7 36. g4 Nd7 37. Rc6 Nb8 38. Rc7+ Kd8 39. Rxa7 Nc6 40. Rg7 Nxd4+ 41. Kf2 Nb5 42. a7 Nxa7 43. Rxa7 hxg4 44. hxg4 fxg4 45. Kg3 Kc8 46. Kxg4 Kb8 47. Rg7 d4 48. Rd7 Kc8 49. Rxd4 Kc7 50. Rd6 1-0

[Event "WMSG Blitz Team 1st (Women)"]
[Site "Beijing"]
[Date "2008.10.13"]
[Round "1"]
[White "Kosteniuk, Alexandra"]
[Black "Dagiisuren, Jargalsaikhan"]
[Result "1-0"]
[WhiteElo "2525"]
[BlackElo "1966"]
[PlyCount "52"]
[EventDate "2008.10.13"]
[EventType "team (blitz)"]
[EventRounds "11"]
[EventCountry "CHN"]
[SourceTitle "CBM 126 Extra"]
[Source "ChessBase"]
[SourceDate "2008.11.05"]
[SourceVersion "1"]
[SourceVersionDate "2008.11.05"]
[SourceQuality "1"]

1. e4 e5 2. Nf3 Nc6 3. Bb5 a6 4. Ba4 Nf6 5. 0-0 d6 6. c3 b5 7. Bc2 Bg4 8. Re1 Be7 9. d3 h6 10. Nbd2 0-0 11. Nf1 Re8 12. Ng3 Bf8 13. h3 Bd7 14. d4 exd4 15. cxd4 g6 16. e5 Nh7 17. e6 Rxe6 18. Rxe6 fxe6 19. Bxg6 Qf6 20. Qc2 Ng5 21. Nxg5 hxg5 22. Nh5 Qxd4 23. Bxg5 Bg7 24. Bh7+ Kh8 25. Nxg7 Qxg7 26. Qg6 Qxg6 1-0

[Event "World University-ch (Women) 10th"]
[Site "Novokuznetsk"]
[Date "2008.03.10"]
[Round "9"]
[White "Dagiisuren, Jargalsaikhan"]
[Black "Tashimova, Nadiya"]
[Result "1/2-1/2"]
[WhiteElo "2045"]
[BlackElo "2073"]
[PlyCount "71"]
[EventDate "2008.03.04"]
[EventType "team"]
[EventRounds "9"]
[EventCountry "RUS"]
[SourceTitle "CBM 123 Extra"]
[Source "ChessBase"]
[SourceDate "2008.05.06"]
[SourceVersion "1"]
[SourceVersionDate "2008.05.06"]
[SourceQuality "1"]

1. e4 c5 2. Nf3 e6 3. d4 cxd4 4. Nxd4 a6 5. c4 Nf6 6. Bd3 Nc6 7. Nxc6 dxc6 8. 0-0 e5 9. Bg5 h6 10. Be3 Ng4 11. Qe2 Nxe3 12. Qxe3 Be7 13. Nc3 0-0 14. Rad1 Qa5 15. a3 b5 16. Qg3 Bf6 17. Be2 Be6 18. cxb5 axb5 19. Rd6 Qc7 20. Rdd1 Rfd8 21. Rxd8+ Rxd8 22. Rd1 Bg5 23. Rxd8+ Qxd8 24. Qd3 Qxd3 25. Bxd3 Bc1 26. Nd1 Bb3 27. Be2 Bxd1 28. Bxd1 Bxb2 29. a4 Bd4 30. Kf1 Kf8 31. axb5 cxb5 32. Be2 b4 33. Bc4 Ke7 34. Ke2 g6 35. Bb3 f5 36. f3 1/2-1/2